000 00441nam a2200181Ia 4500
005 20240823032100.0
008 240823s9999||||xx |||||||||||||| ||und||
041 _aENGLISH
082 _A629.248 N7
100 _aCentral Institute of Road Transport
245 0 _aTyre Economy
250 _a1st
260 _c1997
_b#VALUE!
500 _aTRANSFERED
650 _aTyre Economy
_bAutomobile Engineering
942 _cBK
999 _c192596
_d192596